| 000 | 01110nam a2200301 i 4500 | ||
|---|---|---|---|
| 001 | 000038728 | ||
| 003 | DO-SdBNP | ||
| 005 | 20260521200948.0 | ||
| 007 | ta | ||
| 008 | 130419s2001 dr 000 0 spa d | ||
| 040 |
_aDO-SdBNP _bspa _cBNPHU _erda |
||
| 041 | _aspa | ||
| 082 | 4 |
_a372.147293 _bC755a _222 |
|
| 110 |
_aConsejo Nacional de Reforma del Estado _eautor _910038 |
||
| 245 | 0 | 0 |
_aAnteproyecto de ley orgánica municipal / _ccuidado de edición, María Elena Alonso |
| 264 | 1 |
_aSanto Domingo : _bConsejo Nacional de Reforma del Estado, _c2001 |
|
| 300 |
_a88 páginas ; _c22 cm |
||
| 336 |
_atexto _btxt _2rdacontent |
||
| 337 |
_asin mediación _bn _2rdamedia |
||
| 338 |
_avolumen _bnc _2rdacarrier |
||
| 590 | _aInventariado, 2025/BT | ||
| 650 | 7 |
_2lemb _aAdministración municipal _zRepública Dominicana _911677 |
|
| 650 | 7 |
_2lemb _aReforma del estado _zRepública Dominicana _99500 |
|
| 700 |
_aAlonso, María Elena _4ed. _989697 _eeditor |
||
| 710 | 1 |
_aConsejo Nacional de Reforma del Estado _910038 |
|
| 710 | 1 |
_aProyecto de Apoyo Inmediato a la Reforma del Estado _965034 |
|
| 942 |
_2ddc _cLBS1 |
||
| 999 |
_c38218 _d38218 |
||